Open Data Biblioteca Nacional de Portugal


República Portuguesa: Ministério da Cultura
Biblioteca Nacional de Portugal

Catálogo da BNP: acesso por Identificadores Unívocos
Registos Bibliográficos associados ao registo de autoridade

Etiqueta de registo: 00254nam 2200025 450
001 2288910
003 http://id.bnportugal.gov.pt/bib/catbnp/2288910
100 ## $a20260626d2026 k y0pory01030103ba
101 0# $aeng$dpor
102 ## $aPT
105 ## $aa m 001yy
106 ## $ar
200 1# $a The role of municipality for a fair energy transsition case study$eLisbon city$fMarisa Fernanda Palminha Abadeço$gorient. Miguel Centeno da Costa Ferreira Brito, Paulo Manuel Cadete Ferrão, Maria João dos Santos Rodrigues
210 #9 $aLisboa$c[s.n.],$d2026
215 ## $aXIII, 149 p.$cil.$d30 cm
328 #1 $aTese dout. Sustainable Energy Systems, Instituto Superior Técnico, Universidade de Lisboa, 2026
700 #1 $aAbadeço,$bMarisa Fernanda Palminha$32001790
702 #1 $aBrito,$bMiguel Centeno$4727$31563069
702 #1 $aFerrão,$bPaulo Manuel Cadete$4727$3117983
702 #1 $92$aRodrigues,$bMaria João dos Santos$4727$31456233
801 #0 $aPT$bBN$gRPC
966 ## $lBN$mFGMON$x1
971 ## $cisantos$d20260626

OpendataBNP@bnportugal.pt | Mais informação sobre acesso aos dados BNP